000 01198nas a2200349 4500
001 BR2013005282
003 BR-BrBNA
005 20231205122626.0
007 ta
008 230509b bl.|||p| |||| 00| 00por d
040 _aBR-BrBNA
_bpor
_cBiblioteca Nacional de Agricultura
041 _a(Pt)
072 _aF02
100 1 _aAfonso, M.V.
100 1 _aMartinazzo, E.G.
100 1 _aAumonde, T.Z.
100 1 _aVillela, F.A.
100 1 _a
100 1 _a
100 1 _a
245 1 _aComposição do substrato, vigor e parâmetros fisiológicos de mudas de timbaúva (Enterolobium contortisiliquum (vell.)morong)
246 1 _aSubstrate composition, vigor and physiological parameters of timbaúva seedlings (Enterolobium contortisiliquum (vell.)morong)
650 _aTIMBAUVA
650 _aENTEROLOBIUM CONTORTISILIQUUM
650 _aMUDA
650 _aSUBSTRATO DE CULTURA
650 _aGERMINAÇÃO
773 0 _tRevista Árvore (Brazil)
_xISSN 0100-6762
_g(Nov-Dec 2012), v. 36(6) p. 1019-1026
_wBR2013005282
856 4 _uhttp://www.scielo.br/pdf/rarv/v36n6/03.pdf
_yRecurso eletrônico (PDF)
909 _a202311
_bLúcia
_c55
_dLúcia Elande
942 _2AGRIS
_n0
_cANA
999 _c229641
_d229641